[Event "Internet Section 18-B"]
[Site "Dos Hermanas"]
[Date "2003.03.18"]
[Round "7"]
[White "Garcia Correa, Jose Ricardo"]
[Black "Marinescu, Mircea"]
[Result "0-1"]
[WhiteElo "2222"]
[BlackElo "2104"]
[PlyCount "115"]
[EventDate "2003.03.18"]
[EventType "swiss (blitz)"]
[EventRounds "9"]
[EventCountry "ESP"]
[SourceTitle "EXT 2004"]
[Source "ChessBase"]
[SourceDate "2003.11.25"]
[SourceVersion "1"]
[SourceVersionDate "2003.11.25"]
[SourceQuality "1"]

1. e4 c5 2. Nf3 Nf6 3. Nc3 d5 4. exd5 Nxd5 5. Bc4 Nxc3 6. bxc3 e6 7. 0-0 Be7 8. d3 0-0 9. Rb1 Nd7 10. d4 Nf6 11. Re1 b6 12. Ne5 Bb7 13. Be3 Rc8 14. a4 Nd5 15. Bd2 Bf6 16. Bd3 Ba8 17. a5 bxa5 18. Qh5 g6 19. Qh3 Ne7 20. Ng4 Bg7 21. Bg5 f6 22. Bh6 Qd5 23. Bxg7 Kxg7 24. Qh6+ Kg8 25. Be4 Qd6 26. dxc5 Rxc5 27. Bxa8 Rh5 28. Qe3 f5 29. Ne5 Rxa8 30. Rb7 Nc6 31. Nd7 e5 32. Qd3 Qe6 33. Qb5 e4 34. g3 Rd8 35. Nc5 Qd5 36. Qb3 Ne5 37. Kg2 Rxh2+ 38. Kxh2 Nf3+ 39. Kh3 Nxe1 40. Rd7 Rxd7 41. Nxd7 Qxb3 42. cxb3 Nd3 43. Kg2 Kf7 44. f3 Ke7 45. Nb8 Kd6 46. fxe4 fxe4 47. Kf1 Nc5 48. b4 Na4 49. bxa5 Nxc3 50. Na6 Nd5 51. Nb8 h5 52. Ke2 g5 53. Kf2 h4 54. gxh4 gxh4 55. Kg2 e3 56. Kf3 h3 57. Kg3 e2 58. Kxh3 0-1

[Event "Internet Section 14-B"]
[Site "Dos Hermanas"]
[Date "2003.03.14"]
[Round "2"]
[White "Marinescu, Mircea"]
[Black "Krivoshey, Sergei"]
[Result "0-1"]
[WhiteElo "2104"]
[BlackElo "2503"]
[PlyCount "154"]
[EventDate "2003.03.14"]
[EventType "swiss (blitz)"]
[EventRounds "9"]
[EventCountry "ESP"]
[SourceTitle "EXT 2004"]
[Source "ChessBase"]
[SourceDate "2003.11.25"]
[SourceVersion "1"]
[SourceVersionDate "2003.11.25"]
[SourceQuality "1"]

1. e4 d5 2. exd5 Nf6 3. Nf3 Nxd5 4. d4 Bf5 5. a3 e6 6. c4 Nb6 7. b4 Be7 8. Bd3 Bg4 9. Be3 Nc6 10. Be4 Nxc4 11. Qc1 Nb6 12. Bxc6+ bxc6 13. Qxc6+ Qd7 14. Ne5 Qxc6 15. Nxc6 Bf6 16. Nd2 Bf5 17. Rc1 Bd3 18. Rc3 Bb5 19. Nb3 Nc4 20. Nba5 Nxa5 21. Nxa5 0-0-0 22. Nb3 Rd5 23. f4 Ba4 24. Nc5 Bb5 25. Nb3 Rhd8 26. Kf2 c6 27. Rhc1 Kc7 28. h3 h5 29. g3 Kb6 30. h4 g6 31. Kf3 R8d6 32. Kf2 Rf5 33. Rc5 Rdd5 34. Na5 Rxc5 35. Rxc5 Rxc5 36. dxc5+ Kc7 37. Bc1 Bd4+ 38. Kf3 Bc3 39. Ke3 Be1 40. Kf3 Kd7 41. Be3 Bd3 42. Bd4 f5 43. Kg2 Be4+ 44. Kh2 Bd2 45. Bb2 Kc7 46. Nc4 Be1 47. Ne5 a5 48. bxa5 Bf2 49. Nxg6 Bxc5 50. Be5+ Kb7 51. Bc3 Bxa3 52. Bd4 c5 53. Ba1 Kc6 54. Nf8 Bd5 55. Nh7 Bb4 56. a6 Kb6 57. Nf6 c4 58. Nxh5 c3 59. Nf6 c2 60. Bb2 Bc4 61. h5 Bc3 62. Bc1 Bxf6 63. g4 fxg4 64. Kg3 Be2 65. h6 Kxa6 66. h7 Kb5 67. Kf2 Bf3 68. Ke3 Kc4 69. Kd2 Kb3 70. Kd3 g3 71. Ke3 g2 72. Kf2 Be4 73. Be3 Kb2 74. f5 exf5 75. Bg5 Bh8 76. Be3 c1Q 77. Bg5 Qxg5 0-1